000
00200 a2200097 4500
020
_a
9780545227414
041
_a
spa
100
_a
Suzanne Bloom
245
_a
Un amigo de veras maravilloso
942
_c
BK
999
_c
29110
_d
29108